Hudba a dráma De profundis - štruktúra genézy

Bibliographic Details
Main Author: Berger, Roman, 1930-2020 (Author)
Format: Article
Language:Slovak
ISSN:0037-699X
Subjects:

MARC

LEADER 00000nab a2200000 a 4500
001 vtls000513578
003 SK-MaSNL
005 20260304090436.0
008 250425c1994 xo 0 slo
015 |a SNBRB19rr/mm-uuuuu 
035 |a CL0513716 
035 |a (urnnbn)urn:nbn:sk:snk:ar-a09eqx 
035 |a (uuid)d1348e4e-28dd-410e-9a7e-120721448c10 
035 |a urn:nbn:sk:snk-ab8el2 
040 |a SNKBUCL  |b slo  |c SNKBUCL  |e AACR2 
041 0 |a slo 
044 |a xo  |c SK 
080 |a 784  |2 1981 
080 |a 78.01  |2 1981 
100 1 |a Berger, Roman,  |d 1930-2020  |4 aut  |9 90463 
245 1 0 |a Hudba a dráma  |b De profundis - štruktúra genézy  |c Roman Berger 
600 1 7 |a Berger, Roman,  |d 1930-2020  |t De profundis  |2 snkbucl  |9 1381487 
650 0 7 |a genéza diela  |2 snkbucl  |9 1381488 
655 7 |a články z novín a časopisov  |2 snkbucl  |9 267496 
655 7 |a štúdie  |2 snkbucl  |9 57033 
773 0 |t Slovenské divadlo  |g Roč. 42, č. 1 (1994), s. 3-24  |x 0037-699X 
850 |a Slovenská národná knižnica 
852 |a Slovenská národná knižnica 
954 |a odborná, vedecká literatúra pôvodná (slovenská)  |2 lita 
958 |a article9 
958 |a RK 
958 |a OND 
958 |a EUIPO 
992 |a RBX 
999 |c 2811486  |d 2813416